000 00857cam a22002533a 4500
001 31867
003 PGUSA
005 20140828083705.0
008 100402s2010||||xxu|||||s|||||000 | eng d
040 _aPGUSA
_beng
042 _adc
050 4 _aE456
100 1 _aBlakeslee, B. F.
_q(Bernard F.)
245 1 0 _aHistory of the Sixteenth Connecticut Volunteers
_h[electronic resource] /
_cB. F. Blakeslee
260 _bProject Gutenberg,
_c2010
506 _aPublic domain in the USA.
516 _aElectronic text
653 _aUnited States -- History -- Civil War, 1861-1865 -- Regimental histories
653 _aUnited States. Army. Connecticut Infantry Regiment, 16th (1862-1865)
740 0 _aHistory of the 16th Connecticut Volunteers
830 0 _aProject Gutenberg
_v31867
856 4 0 _uhttp://www.gutenberg.org/ebooks/31867
942 _cEB
999 _c261122
_d261122